Process systems analysis and control (Record no. 13575)

000 -LEADER
fixed length control field 00578nam a22002051 4500
001 - CONTROL NUMBER
control field 13575
003 - CONTROL NUMBER IDENTIFIER
control field BD-DhUET
008 - FIXED-LENGTH DATA ELEMENTS--GENERAL INFORMATION
fixed length control field 730306s1965 nyua b 000 0 eng
040 ## - CATALOGING SOURCE
Original cataloging agency DLC
Transcribing agency DLC
Modifying agency BD-DhUET
082 ## - DEWEY DECIMAL CLASSIFICATION NUMBER
Classification number 660.284
Item number COU/1965
100 1# - MAIN ENTRY--PERSONAL NAME
Personal name Coughanowr, Donald R.
245 10 - TITLE STATEMENT
Title Process systems analysis and control
250 ## - EDITION STATEMENT
Edition statement 1st ed.
260 ## - PUBLICATION, DISTRIBUTION, ETC. (IMPRINT)
Place of publication, distribution, etc. New York
Name of publisher, distributor, etc. McGraw-Hill
Date of publication, distribution, etc. 1965
300 ## - PHYSICAL DESCRIPTION
Extent xii, 491 p.
Other physical details ill.
Dimensions 21 cm.
490 ## - SERIES STATEMENT
Series statement McGraw-Hill chemical engineering series
650 #0 - SUBJECT ADDED ENTRY--TOPICAL TERM
Topical term or geographic name as entry element Control devices process engineering
700 ## - ADDED ENTRY--PERSONAL NAME
Personal name Koppel, Lowell B.
942 ## - ADDED ENTRY ELEMENTS (KOHA)
Koha item type General Book
Holdings
Source of classification or shelving scheme Copy number Lost status Location (home branch) Date acquired Piece designation (barcode) Koha issues (times borrowed) Damaged status Koha full call number Price effective from Koha date last seen Not for loan Withdrawn status Koha date last borrowed Koha item type Koha normalized classification for sorting Shelving location Sublocation or collection (holding branch)
 1 Central Library, BUET2015-03-0329699  660.284/COU/19652015-03-032015-03-03   General Book660_284000000000000_COU_1965Circulation sectionCentral Library, BUET
 2 Central Library, BUET2015-03-03296891 660.284/COU/19652015-03-032017-05-09  2017-05-09General Book660_284000000000000_COU_1965Circulation sectionCentral Library, BUET
 3 Central Library, BUET2015-03-0329697  660.284/COU/19652015-03-032015-03-03   General Book660_284000000000000_COU_1965Circulation sectionCentral Library, BUET
 4 Central Library, BUET2015-03-0329692  660.284/COU/19652015-03-032015-03-03   General Book660_284000000000000_COU_1965Circulation sectionCentral Library, BUET
 5 Central Library, BUET2015-03-0329698  660.284/COU/19652015-03-032015-03-03   General Book660_284000000000000_COU_1965Circulation sectionCentral Library, BUET
 6 Central Library, BUET2015-03-0329690  660.284/COU/19652015-03-032015-03-03   General Book660_284000000000000_COU_1965Circulation sectionCentral Library, BUET
 7 Central Library, BUET2015-03-0329688  660.284/COU/19652015-03-032015-03-03   General Book660_284000000000000_COU_1965Cataloging to CirculationCentral Library, BUET
 8 Central Library, BUET2015-03-0434519  660.284/COU/19652015-03-042015-03-04   General Book660_284000000000000_COU_1965Circulation sectionCentral Library, BUET
 9 Central Library, BUET2015-05-1129694  660.284/COU/19652015-05-112015-05-11   General Book660_284000000000000_COU_1965Circulation sectionCentral Library, BUET
 10 Central Library, BUET2015-05-1129696  660.284/COU/19652015-05-112015-05-11   General Book660_284000000000000_COU_1965Circulation sectionCentral Library, BUET
 11 Central Library, BUET2015-05-1329695  660.284/COU/19652015-05-132015-05-13   General Book660_284000000000000_COU_1965Circulation sectionCentral Library, BUET
 12 Central Library, BUET2015-05-1417869  660.284/COU/19652015-05-142015-05-14   General Book660_284000000000000_COU_1965Circulation sectionCentral Library, BUET
 13 Central Library, BUET2015-05-1815822  660.284/COU/19652015-05-182015-05-18   General Book660_284000000000000_COU_1965Circulation sectionCentral Library, BUET
 14 Central Library, BUET2015-06-2029700  660.284/COU/19652015-06-202015-06-20   General Book660_284000000000000_COU_1965Reading sectionCentral Library, BUET
 15 Central Library, BUET2015-06-2029701  660.284/COU/19652015-06-202015-06-20   General Book660_284000000000000_COU_1965Reading sectionCentral Library, BUET
 16 Central Library, BUET2015-07-1016716  660.284/COU/19652015-07-102015-07-10   General Book660_284000000000000_COU_1965Circulation sectionCentral Library, BUET